Statystyki dla Trenerzy na Euro 2012

Kliknij tutaj aby rozwiązać quiz!

Ogólne statystyki

  • Ten quiz został rozwiązany 46 razy
  • Średni wynik to 6 z 16

Statystyki odpowiedzi

ReprezentacjaTrener% Poprawnych
PolskaFranciszek Smuda
100%
HiszpaniaVicente del Bosque
88%
NiemcyJoachim Löw
84%
GrecjaFernando Santos
72%
AngliaRoy Hodgson
47%
FrancjaLaurent Blanc
44%
WłochyCesare Prandelli
30%
ChorwacjaSlaven Bilić
30%
PortugaliaPaulo Bento
26%
UkrainaOłeh Błochin
21%
DaniaMorten Olsen
19%
HolandiaBert van Marwijk
16%
RosjaDick Advocaat
12%
CzechyMichal Bílek
12%
SzwecjaErik Hamrén
9%
IrlandiaGiovanni Trapattoni
9%

Rozkład punktacji

Percentyl według liczby udzielonych odpowiedzi

Procent ludzi z każdym wynikiem

Twoja historia wyników

Nie rozwiązałeś tego quizu